[Event "World Team-ch Women 2019"]
[Site "Astana"]
[Date "2019.03.06"]
[Round "2.11"]
[White "Gara, Ticia"]
[Black "Yip, Carissa"]
[Result "0-1"]
[WhiteElo "2324"]
[BlackElo "2279"]
[Annotator "TA"]
[PlyCount "156"]
[EventDate "2019.02.05"]
[EventType "team-tourn"]
[EventCountry "KAZ"]
[SourceTitle "playchess.com"]
[Source "ChessBase"]
[SourceQuality "1"]
[WhiteTeam "Hungary"]
[BlackTeam "United States"]
[WhiteTeamCountry "HUN"]
[BlackTeamCountry "USA"]

{[%evp 14,156,74,67,59,59,60,59,59,58,64,49,62,38,72,62,62,58,58,54,66,56,101,53,60,66,66,66,81,79,81,87,97,90,98,80,81,74,87,81,92,92,92,92,136,139,159,154,162,162,219,209,268,255,259,248,261,220,254,239,289,162,164,154,329,265,271,251,477,162,158,165,153,44,118,0,185,-2,0,0,0,-12,0,-155,-163,-169,-128,-202,-200,-205,-139,-177,-175,-437,-408,-420,-417,-547,-553,-526,-549,-513,-529,-729,-632,-1244,-607,-920,-559,-616,-611,-680,-572,-549,-522,-479,-565,-547,-463,-463,-484,-521,-485,-548,-469,-689,-685,-672,-644,-594,-577,-664,-652,-658,-635,-6091,-5498,-2545,-2174,-29976,-5114,-29983,-29984,-29984,-29985]} 1. c4 Nf6 2. Nc3 g6 3. e4 d6 4. d4 Bg7 5. Be2 O-O 6. Be3 e5 7. d5 a5 8. g4 Na6 {E73: King's Indian: Averbakh Variation without 6...c5} 9. h4 Nc5 10. f3 h5 {White is slightly better.} 11. g5 Nfd7 (11... Nh7 12. Kd2 Bd7 13. Nh3 c6 14. Nf2 cxd5 15. exd5 f5 16. gxf6 Nxf6 17. Bxc5 dxc5 {0-1 (37) Vallejo Pons,F (2705)-Radjabov,T (2741) Palma de Mallorca 2017}) 12. Qd2 Re8 $146 ({Predecessor:} 12... Nb6 13. O-O-O Bd7 14. Nh3 Nba4 15. Nb1 Qb8 16. b3 {1-0 (58) Illingworth,M (2506)-Gu,X (2347) Abu Dhabi 2017}) 13. O-O-O Na6 14. Nh3 Ndc5 15. Nf2 Bd7 16. Kb1 Qb8 17. Nb5 Bf8 18. Nd3 Nxd3 19. Qxd3 Rd8 20. Rhf1 Nc5 21. Qd2 Bh3 22. Rf2 Re8 23. Nc3 Bg7 24. Rh2 Bd7 25. Bf1 Qc8 26. Qf2 b6 27. Nb5 a4 28. Qg3 a3 29. b3 Qb8 30. Bh3 Bxb5 31. cxb5 Qa7 (31... Re7 $142 32. Rc2 Qd8) 32. Qe1 $18 Rf8 33. Rc2 f5 34. gxf6 Rxf6 35. Bg2 Rf7 36. Qe2 Bf6 37. Bf2 (37. Bh3 $142) 37... Kh7 38. Rdc1 Bd8 $2 (38... Qb8 $16) 39. Rc3 Qb8 40. Bh3 Ra7 $2 {[#]} (40... Nd7 41. Be6 Rg7) 41. b4 $2 (41. f4 $1 {[%mdl 512]}) 41... Nd7 42. Be6 Rg7 43. Qf1 (43. Qe3 $16) 43... Nf8 {[#]} (43... Ra4 $14) 44. Qh3 (44. f4 $1 $16) 44... Bf6 $2 (44... Nxe6 $11 {and Black has nothing to worry.} 45. Qxe6 (45. dxe6 Ra4 $11) 45... Be7) 45. Rc6 $2 (45. Bc8 $18) 45... Ra4 46. R6c4 Qe8 47. Be1 Qxb5 48. Qg2 $2 ({White should try} 48. Bc8 $11) 48... Nxe6 $17 49. dxe6 c5 50. Qc2 (50. Qd2 $17 {was worth a try.}) 50... Re7 $19 51. Qb3 Ra8 52. Rd1 Rxe6 53. Rxc5 $2 (53. Rc3 Qa4 54. Qd5) 53... bxc5 54. Qxe6 Qe2 {[%cal Re2d1][%mdl 64] Double Attack} 55. Qf7+ Bg7 {[%cal Re2d1]} 56. Qb3 Rf8 57. Qc2 Qxf3 58. Rxd6 cxb4 59. Rd7 Qh1 (59... Qe3 $142 60. Rd1 Rf1) 60. Qe2 Rf1 61. Rd1 Rg1 62. Rc1 Qg2 63. Qxg2 Rxg2 {[%mdl 4096] Endgame KRB-KRB} 64. Rc2 Rg1 65. Re2 Bf8 {aiming for ...b3!} 66. Kc2 Be7 67. Kb3 Rh1 68. Kc4 Kg7 69. Bxb4 (69. Bg3 $142 Kf6 70. Be1) 69... Rc1+ 70. Bc3 Bxh4 71. Kb3 Bf6 72. Bb4 Rb1+ 73. Kc3 {[#]} Rb2 $1 74. Rxb2 axb2 75. Kxb2 h4 76. Be1 Bg5 (76... h3 $142 77. Bg3 Bg5 78. Bf2 h2 79. Bb6 h1=Q 80. Ba5 Qc1+ 81. Kb3 Qb1+ 82. Kc3 Qxa2 83. Bb6 Qa3+ 84. Kc4 Qa4+ 85. Kc3 Qc6+ {[%mdl 64] Double Attack} 86. Kd3 Qxb6 87. Kc4 Qc6+ 88. Kd3 Qc5 89. Ke2 Qc2+ 90. Kf1 Bh4 91. Kg1 Bg3 92. Kh1 Qh2#) 77. a4 h3 78. Bg3 Bf4 {Accuracy: White = 39%, Black = 43%.} 0-1

[Event "World Team-ch Women 2019"]
[Site "Astana"]
[Date "2019.03.06"]
[Round "2.12"]
[White "Wu, Rochelle"]
[Black "Terbe, Julianna"]
[Result "1-0"]
[WhiteElo "2120"]
[BlackElo "2306"]
[Annotator "TA"]
[PlyCount "75"]
[EventDate "2019.02.05"]
[EventType "team-tourn"]
[EventCountry "KAZ"]
[SourceTitle "playchess.com"]
[Source "ChessBase"]
[SourceQuality "1"]
[WhiteTeam "United States"]
[BlackTeam "Hungary"]
[WhiteTeamCountry "USA"]
[BlackTeamCountry "HUN"]

{[%evp 25,75,53,45,10,25,18,43,29,52,47,46,28,41,32,61,45,47,61,80,8,47,34,59,58,75,107,146,54,135,130,172,112,99,-160,0,0,566,551,546,470,659,645,624,544,538,525,769,768,928,928,861,742]} 1. e4 c5 2. Nf3 Nc6 3. d4 cxd4 4. Nxd4 Nf6 5. Nc3 e5 6. Ndb5 d6 7. Bg5 a6 8. Na3 b5 9. Bxf6 gxf6 10. Nd5 f5 11. Bd3 Be6 12. O-O Bxd5 13. exd5 Ne7 $1 14. Re1 {B33: Sicilian: Pelikan and Sveshnikov Variations} Bg7 15. c3 O-O 16. Nc2 {White is slightly better.} f4 (16... Re8 17. Qh5 e4 18. Bf1 Nxd5 19. Qxf5 Re5 20. Qh3 Qb6 21. Rad1 Rae8 22. Rxe4 Rxe4 23. Rxd5 {½-½ (41) Topalov,V (2749)-Mamedov,R (2704) Shamkir 2018}) 17. a4 bxa4 18. Rxa4 a5 19. Na3 f5 20. Nc4 e4 21. Bf1 Rf6 $146 ({Predecessor:} 21... Ng6 22. Qh5 {½-½ (22) Lopez Martinez,J (2567)-Moser,E (2424) Balaguer 2007}) 22. Qa1 (22. Kh1 $16) 22... Rh6 23. Nxa5 {Strongly threatening Nc6.} Qe8 24. Nc6 Rxa4 25. Qxa4 Ng6 26. Qa7 (26. f3 $16) 26... Bf8 (26... f3 $14) 27. Qb8 $16 Qf7 {[#]} 28. Qc8 (28. Nd4 $1 $18) 28... Nh4 29. Qd8 $2 {[%mdl 8192]} (29. Nd4 $16 {stays on course.}) 29... Qh5 $2 ({Black should play} 29... Qg7 $17 {( -> ...Nf3+)} 30. Kh1 e3 31. Ne7+ (31. fxe3 $2 f3 $19) 31... Qxe7 32. Qxe7 Bxe7 33. fxe3 f3) 30. h3 $36 {[%mdl 2048] aiming for Ra1. White fights for an advantage.} Nf3+ $2 {[%mdl 8192]} (30... Nxg2 $1 $11 31. Bxg2 f3) 31. gxf3 $18 {White is clearly winning.} Rg6+ 32. Bg2 {[#] Black must now prevent Ne7+.} Rg7 (32... exf3 $142 33. Re8 (33. Ne7+ $2 Kg7 $19) 33... Rxg2+ 34. Kf1 Qf7) 33. Kh2 Qg6 {[%csl Gg7][%cal Rg6g2]} 34. Bh1 e3 35. Qh4 e2 36. Qxf4 Be7 37. Nxe7+ Rxe7 38. Qg3 {Accuracy: White = 36%, Black = 29%.} 1-0

[Event "World Team-ch Women 2019"]
[Site "Astana"]
[Date "2019.03.06"]
[Round "2.13"]
[White "Wafa, Shahenda"]
[Black "Muzychuk, Anna"]
[Result "0-1"]
[WhiteElo "2175"]
[BlackElo "2555"]
[Annotator "TA"]
[PlyCount "96"]
[EventDate "2019.02.05"]
[EventType "team-tourn"]
[EventCountry "KAZ"]
[SourceTitle "playchess.com"]
[Source "ChessBase"]
[SourceQuality "1"]
[WhiteTeam "Egypt"]
[BlackTeam "Ukraine"]
[WhiteTeamCountry "EGY"]
[BlackTeamCountry "UKR"]

{[%evp 23,96,-10,7,-28,-16,-5,-16,-27,-33,-32,-26,-26,-23,-26,-25,-115,-110,-107,-112,-141,-112,-110,-101,-121,-114,-175,-129,-121,-141,-137,-124,-148,-145,-170,-181,-210,-171,-174,-195,-181,-134,-135,-118,-96,-86,-127,-125,-148,-156,-197,-212,-277,-246,-332,-258,-284,-276,-212,-57,-44,-49,-97,-82,-2366,-1920,-29974,-5038,-29981,-29982,-29991,-29992,-29992,-29990,-29990,-901]} 1. e4 e5 2. Nf3 Nc6 3. Bb5 a6 4. Ba4 Nf6 5. O-O Be7 6. Re1 b5 7. Bb3 O-O 8. c3 d5 9. exd5 Nxd5 10. d4 exd4 11. Nxd4 Nxd4 12. cxd4 Bb7 13. Nd2 {C89: Closed Ruy Lopez: Marshall Attack} (13. Nc3 Bf6 14. Ne4 Re8 15. a4 Nb4 16. Nc5 Bd5 17. Rxe8+ Qxe8 18. Bd2 Bxb3 19. Qxb3 Nc6 20. d5 bxa4 21. Qxa4 {½-½ (37) Degerhammar,R (2456)-Duliba,E (2548) ICCF email 2009}) 13... Nf6 $146 ({Predecessor:} 13... Bb4 14. a3 Ba5 15. Re5 Nf4 16. Nf3 Ng6 17. Re3 Nh4 18. Nxh4 Qxh4 {0-1 (35) Aye,M (2025)-Koichi,N (2232) Dos Hermanas 2004}) 14. Nf1 Bb4 15. Re5 {The position is equal.} Bd6 16. Re1 Qd7 17. Bg5 Ne4 $36 {[%mdl 2048] Black fights for an advantage.} 18. Be3 Rfe8 19. Qd3 (19. f3 $11 Nf6 20. Ng3) 19... c5 $17 20. Bc2 {Strongly threatening dxc5.} c4 21. Qd1 f5 22. f3 Nf6 23. Bg5 Nd5 24. b3 (24. Ne3 $17) 24... h6 25. bxc4 bxc4 ({Resist} 25... hxg5 26. cxd5 g6 27. Re6 $11) 26. Bd2 Rxe1 27. Bxe1 Re8 28. Rb1 Bc6 29. Qd2 {[#]} Bb4 $1 {[%mdl 512]} 30. Qf2 (30. Rxb4 c3) 30... a5 31. a3 Bxa3 {And now ...a4 would win.} 32. Bxa5 Nf4 33. Ng3 {[#]} g6 $1 34. Qd2 Bd6 35. Bc3 h5 {Hoping for ...h4.} 36. Bd1 Nd5 37. Ne2 Re3 38. Qc2 Qe7 39. Be1 {[#]} c3 $1 {[%mdl 512]} 40. Bf2 (40. Bxc3 Nxc3) 40... Nb4 $2 (40... Kh7 $19 {White must now prevent ...Nb4.} 41. Bxe3 Qxe3+ 42. Kh1 Nf4) 41. Rxb4 $1 $15 Bxb4 42. Bxe3 Qxe3+ 43. Kf1 $2 {[%mdl 8192] [#]} (43. Kh1 $17) 43... Bb5 $1 $19 {[%cal Rb5d3]} 44. h4 Qxd4 (44... Kg7 $142 45. Qa2 Bd3 46. Qa4 c2 47. Qxc2 Bxc2 48. Bxc2 Qd2 49. Kf2 f4 50. g4 Qe1+ 51. Kg2 Qxe2+ {[%mdl 64] Double Attack} 52. Kg1 Bc3 53. gxh5 Bxd4+ 54. Kh1 Qxf3+ {[%mdl 64] Double Attack} 55. Kh2 Qg3+ {[%mdl 64] Double Attack} 56. Kh1 Qh3#) 45. Qa2+ Kg7 {Black mates.} 46. Ba4 Bc5 {[%csl Gc5][%cal Rd4g1]} 47. Ke1 Qf2+ {[%mdl 64] Double Attack} 48. Kd1 Qf1+ {Accuracy: White = 34%, Black = 68%.} 0-1

[Event "World Team-ch Women 2019"]
[Site "Astana"]
[Date "2019.03.06"]
[Round "2.14"]
[White "Ushenina, Anna"]
[Black "Wafa, Shrook"]
[Result "1-0"]
[WhiteElo "2443"]
[BlackElo "2166"]
[Annotator "TA"]
[PlyCount "99"]
[EventDate "2019.02.05"]
[EventType "team-tourn"]
[EventCountry "KAZ"]
[SourceTitle "playchess.com"]
[Source "ChessBase"]
[SourceQuality "1"]
[WhiteTeam "Ukraine"]
[BlackTeam "Egypt"]
[WhiteTeamCountry "UKR"]
[BlackTeamCountry "EGY"]

{[%evp 14,99,43,36,33,39,38,47,40,37,44,39,54,54,45,45,49,60,82,82,90,87,83,90,95,93,87,74,85,87,93,73,87,52,87,87,87,87,87,87,103,87,137,140,137,140,138,137,139,143,193,193,202,194,225,225,350,335,385,383,528,529,528,524,534,531,527,520,515,502,479,481,790,782,738,711,29961,29965,29968,29969,29975,29976,29980,29981,29980,29981,29989,29990]} 1. d4 Nf6 2. Nf3 e6 3. g3 c5 4. Bg2 cxd4 5. Nxd4 d5 6. c4 Bb4+ 7. Bd2 Bxd2+ 8. Qxd2 O-O {A32: Symmetrical English: 2 Nf3 Nf6 3 d4 cxd4 4 Nxd4 e6} 9. cxd5 exd5 10. Nc3 Nc6 {White is slightly better.} 11. O-O Qb6 (11... Be6 12. Nxc6 bxc6 13. Na4 {1-0 (32) Pogonina,N (2499)-Kovalevskaya,E (2424) Loo 2014}) 12. Nxc6 bxc6 13. Rac1 Bf5 14. b3 Rfe8 15. e3 Ne4 $146 16. Nxe4 Bxe4 17. Rc3 Bxg2 18. Kxg2 Re6 19. Rfc1 Rd8 20. Rc5 h6 21. Qc3 {[%cal Rc5c6]} Rdd6 22. Rc2 (22. Rd1 {keeps more tension.} Re4 23. Qc2 g6 24. a3 Rde6 25. b4) 22... Qd8 23. Qa5 (23. Rd2 {looks sharper.} Qe7 24. Qc2 Rf6 25. Rd4 g6 26. Ra5) 23... Qxa5 24. Rxa5 $14 {[%mdl 4096] Endgame KRR-KRR} Rd7 25. Ra6 Rc7 26. Rc5 Kf8 27. b4 {[%cal Bb3b4,Bb4b5][%mdl 32]} Ke8 28. b5 Kd7 29. bxc6+ Kd6 30. Raa5 Ree7 31. Kf3 f6 32. Rxd5+ Kxc6 33. Kf4 Kb7 34. Rdb5+ Kc8 (34... Ka8 $142 35. Rb2 Rc4+ 36. Kf5 Rce4) 35. Kf5 $18 Rc2 36. Rc5+ {[%mdl 64] [#] Double Attack} Rc7 37. Rxc2 Rxc2 {KR-KR} 38. f4 Kb7 39. Kg6 Rc7 40. e4 Kb6 41. Rd5 a5 42. a4 Rc4 (42... Ra7 $142 43. Rb5+ Kc6) 43. e5 fxe5 44. fxe5 Rxa4 45. e6 {White mates.} Re4 46. Kf7 Re2 47. e7 Rf2+ 48. Kxg7 Re2 49. Kf7 Rf2+ 50. Ke6 {Accuracy: White = 86%, Black = 33%.} 1-0

[Event "World Team-ch Women 2019"]
[Site "Astana"]
[Date "2019.03.06"]
[Round "2.15"]
[White "Moaataz, Ayah"]
[Black "Gaponenko, Inna"]
[Result "0-1"]
[WhiteElo "2036"]
[BlackElo "2427"]
[Annotator "TA"]
[PlyCount "84"]
[EventDate "2019.02.05"]
[EventType "team-tourn"]
[EventCountry "KAZ"]
[SourceTitle "playchess.com"]
[Source "ChessBase"]
[SourceQuality "1"]
[WhiteTeam "Egypt"]
[BlackTeam "Ukraine"]
[WhiteTeamCountry "EGY"]
[BlackTeamCountry "UKR"]

{[%evp 11,84,7,43,3,12,8,46,-58,-58,-50,-40,-53,-51,-48,-39,-36,-35,-75,-68,-87,-83,-96,-27,-102,-97,-113,14,-100,-89,-152,-124,-132,-128,-317,-314,-284,-263,-343,-339,-450,-448,-596,-590,-597,-597,-597,-597,-587,-582,-605,-613,-680,-671,-709,-722,-711,-722,-708,-698,-823,-809,-779,-764,-1381,-977,-1616,-1530,-1512,-1397,-1081,-1087,-29968,-29969,-29975,-29976]} 1. c4 g6 2. g3 Bg7 3. Bg2 e5 4. Nc3 d6 5. d3 f5 6. e4 Nf6 7. Bg5 {A21: English Opening: 1...e5 2 Nc3} (7. Nge2 O-O 8. h3 a5 9. Be3 Na6 10. Qd2 fxe4 11. dxe4 Nc5 12. O-O b6 13. b3 Bb7 14. Qc2 Ne6 15. f4 exf4 16. gxf4 {1-0 (81) Rakhmanov,A (2629)-Maghsoodloo,P (2688) St Petersburg 2018}) 7... c6 8. exf5 gxf5 (8... Bxf5 {keeps more tension.} 9. Nf3 O-O 10. O-O Na6 11. Ne4 Nc5) 9. Bxf6 $146 (9. d4 $14) ({Predecessor:} 9. Nge2 h6 10. Bh4 O-O 11. O-O Be6 12. Qa4 Nbd7 13. Rad1 Qe8 14. Qb4 Nc5 {½-½ (71) Simpson,R (2271)-Van de Mortel,J (2416) ICC INT 2011}) 9... Qxf6 $15 10. Nge2 Na6 {[%cal Bb8a6,Ba6c7,Bc7e6][%mdl 32]} 11. f4 O-O 12. O-O Nc7 13. Rc1 Ne6 14. Rc2 Bd7 15. b4 h5 16. Kh1 h4 (16... Qh6 $17) 17. Qe1 (17. fxe5 $1 $11 dxe5 18. Bh3) 17... Qh6 18. gxh4 exf4 (18... Bf6 $17 19. Qg3+ Kh8) 19. Ng1 (19. Qf2 $11 {remains equal.}) 19... Rae8 $36 {[%mdl 2048] Threatens to win with ...Nd4. Keeping White busy.} 20. Re2 ({White should play} 20. Nce2) 20... Nd4 21. Rxe8 Rxe8 22. Qf2 $2 {[#]} (22. Nce2 $17 {was called for.}) 22... f3 $1 $19 {[%cal Rf3g2][%mdl 512]} 23. Bh3 (23. Nxf3 Nxf3) 23... Qe3 24. Ne4 Qxf2 ({Don't play} 24... Qxd3 25. Ng5 $19) 25. Nxf2 Re3 26. Rd1 Bf6 27. Bf1 Bxh4 28. Ngh3 {[#]} Re2 $1 {[%mdl 512]} 29. Bxe2 fxe2 30. Rg1+ Kf7 31. Kg2 Nc2 32. Kf3 e1=Q 33. Rxe1 Nxe1+ 34. Ke2 Nc2 35. a3 Nxa3 36. Kd2 {[#]} f4 $1 37. Kc3 (37. Nxf4 Bxf2) 37... f3 38. Kd2 Bxh3 39. Nxh3 f2 40. Ke2 Nc2 41. Nxf2 Bxf2 42. Kxf2 Nxb4 {Accuracy: White = 34%, Black = 68%.} 0-1

[Event "World Team-ch Women 2019"]
[Site "Astana"]
[Date "2019.03.06"]
[Round "2.16"]
[White "Buksa, Nataliya"]
[Black "Elansary, Eman"]
[Result "1-0"]
[WhiteElo "2416"]
[BlackElo "1944"]
[Annotator "TA"]
[PlyCount "113"]
[EventDate "2019.02.05"]
[EventType "team-tourn"]
[EventCountry "KAZ"]
[SourceTitle "playchess.com"]
[Source "ChessBase"]
[SourceQuality "1"]
[WhiteTeam "Ukraine"]
[BlackTeam "Egypt"]
[WhiteTeamCountry "UKR"]
[BlackTeamCountry "EGY"]

{[%evp 18,113,54,36,31,33,72,72,95,78,89,72,85,79,84,76,91,89,96,85,91,59,85,56,135,62,63,37,126,64,90,100,90,68,73,53,82,51,72,35,47,47,79,76,109,93,150,77,88,102,187,157,159,138,282,291,291,281,284,281,322,310,312,306,317,312,313,304,319,308,304,306,352,330,463,364,443,372,418,372,337,325,529,519,516,481,649,637,648,647,636,627,702,689,1079,989,2062,1978]} 1. e4 Nf6 2. e5 Nd5 3. d4 d6 4. Nf3 dxe5 5. Nxe5 c6 6. Be2 Nd7 7. c4 Nc7 8. Nf3 g6 9. Nc3 Bg7 10. O-O O-O {B04: Alekhine's Defence: 4 Nf3} 11. Bf4 b6 (11... Nf6 12. h3 Bf5 13. Be5 Ne4 14. Bxg7 Kxg7 15. Re1 Nf6 16. Qd2 Qd6 17. Rad1 Rad8 18. Qe3 {1-0 (33) Eljanov,P (2734)-Kasimdzhanov,R (2676) Douglas 2017}) 12. Qd2 Re8 {White is better.} 13. Rad1 Bb7 14. Qe3 $146 ({Predecessor:} 14. Rfe1 Rc8 15. Bf1 Ne6 16. Bh6 Ndf8 17. d5 cxd5 18. cxd5 Nc7 19. Bxg7 Kxg7 20. Ne5 f6 21. Ng4 Ba6 22. Bxa6 Nxa6 23. Qh6+ Kg8 24. d6 e6 25. d7 {1-0 (25) Klein,F (2286)-Fabri,H (1948) Douglas 2014}) 14... Ne6 15. Bh6 Qc7 16. d5 Bxh6 17. Qxh6 Qf4 {[#]} 18. Qh3 $1 {[%mdl 64] Pin} Nef8 19. Rd4 Qf5 20. Qg3 {Rf4 is the strong threat.} Nf6 (20... Qf6 $14) 21. Rfd1 (21. Ne5 $16) 21... e5 $14 22. R4d2 Nh5 {[#]} ({Better is} 22... Rac8 $14) 23. Qg5 ({White should try} 23. Qh4 $1 $16 {Strongly threatening g4.} Nf4 24. Ng5) 23... Nf4 24. Qxf5 gxf5 25. Bf1 cxd5 26. cxd5 {And now Bb5 would win.} N4g6 27. Bb5 Red8 28. Bc4 Rac8 29. Bb3 Nd7 30. Bc2 $36 {[%mdl 2048] White has strong initiative.} f4 31. Bf5 Rc4 (31... Rb8 $142) 32. Re1 (32. h4 $142) 32... f6 33. Ne4 {Black must now prevent Bxd7.} Rxe4 (33... Kg7 $16 {was called for.}) 34. Rxe4 Nc5 35. Re1 Rxd5 (35... Ne7 $16 {was necessary.}) 36. b4 $18 Rxd2 37. Nxd2 Na6 38. a3 Nc7 39. Be4 Bxe4 40. Nxe4 {[%mdl 4096] Endgame KRN-KNN} Kf7 41. Rc1 Nd5 42. Nd6+ Ke6 43. Nc8 e4 44. Nxa7 Ne5 45. Nb5 Nd3 (45... Ne7 {might work better.} 46. Rc7 h5) 46. Rc2 f5 47. Kf1 Ke5 48. Ke2 h5 49. Rc6 f3+ $2 (49... h4 {keeps fighting.} 50. f3 Ne3) 50. gxf3 {White is clearly winning.} N5f4+ 51. Kf1 Nh3 52. fxe4 fxe4 53. Rxb6 Nhxf2 54. Rh6 Kf4 55. Rxh5 Ke3 56. Nd6 Kf3 57. Rf5+ {Accuracy: White = 61%, Black = 31%.} 1-0

[Event "World Team-ch Women 2019"]
[Site "Astana"]
[Date "2019.03.06"]
[Round "2.17"]
[White "Abdumalik, Zhansaya"]
[Black "Karavade, Eesha"]
[Result "1/2-1/2"]
[WhiteElo "2469"]
[BlackElo "2357"]
[Annotator "TA"]
[PlyCount "139"]
[EventDate "2019.02.05"]
[EventType "team-tourn"]
[EventCountry "KAZ"]
[SourceTitle "playchess.com"]
[Source "ChessBase"]
[SourceQuality "1"]
[WhiteTeam "Kazakhstan"]
[BlackTeam "India"]
[WhiteTeamCountry "KAZ"]
[BlackTeamCountry "IND"]

{[%evp 15,139,26,35,37,33,32,39,32,40,29,38,30,41,30,54,29,77,73,70,60,101,68,109,93,102,95,142,140,149,138,149,86,86,83,93,86,83,71,49,6,16,0,0,0,82,26,38,33,45,-5,0,0,0,0,33,18,22,0,0,0,0,0,0,0,0,0,0,0,0,0,0,0,0,0,0,0,0,0,0,0,0,0,0,0,0,0,0,0,0,0,0,0,0,0,0,0,0,0,0,0,0,0,0,0,0,0,8,0,0,0,7,0,0,0,0,0,0,0,0,0,0,0,0,0,0,0]} 1. e4 c6 2. d4 d5 3. Nd2 dxe4 4. Nxe4 Nf6 5. Nxf6+ exf6 6. c3 Bd6 7. Bd3 O-O 8. Ne2 Re8 9. Qc2 {B15: Caro-Kann: 3 Nc3: 3...g6 and 3...dxe4 4 Nxe4 Nf6 5 Nxf6+ exf6} h5 10. O-O h4 11. h3 {White is slightly better.} Nd7 12. Re1 $146 ({Predecessor:} 12. Bd2 Nf8 13. Rae1 Bc7 14. Kh1 Qd6 15. Bf4 Qd8 16. Bd2 Qd6 17. Bf4 Qd8 {½-½ (17) Hracek,Z (2557)-Adhiban,B (2668) Batumi 2018}) 12... Nf8 13. Bd2 Bd7 14. c4 Qc8 15. Nf4 (15. Nc3 {feels hotter.} Qc7 16. Be3 Bf4 17. Rad1 Re7 18. Qd2) 15... Ne6 16. Nxe6 Rxe6 17. Bh7+ Kf8 18. Re4 g5 19. f4 Rxe4 20. Bxe4 g4 21. c5 Bc7 {[#]} 22. f5 $1 gxh3 {[#]} 23. gxh3 (23. Bh6+ $142 $1 Ke7 24. Re1) 23... Bg3 $16 24. Rf1 Qc7 25. Kh1 Ke7 26. Qa4 Re8 27. Ba5 b6 28. Bb4 Kd8 29. Bg2 Re3 (29... Re2 $11) 30. Qd1 (30. Bc3 $16) 30... Kc8 $11 31. d5 Re5 32. Qh5 bxc5 (32... Rxd5 {seems wilder.} 33. cxb6 Qxb6 34. Bc3 Qb5 35. Qxf7 Kb7) 33. Bxc5 cxd5 34. Bd4 Re1 35. Rxe1 Bxe1 {The position is equal.} 36. Qxf7 {And now Qg8+ would win.} Qc1 $1 37. Qf8+ Kc7 {( -> ...Bf2+)} 38. Qc5+ Qxc5 39. Bxc5 {[%mdl 4096] Endgame KBB-KBB} a6 40. Bxd5 Bxf5 41. Kg2 Bg3 42. b3 Bd7 43. Bd4 f5 44. Kg1 f4 45. Kg2 Bc8 46. Bc5 Bd7 47. a4 a5 48. Bf3 Be6 49. b4 axb4 $1 50. Bxb4 Bd7 51. a5 Bb5 52. Bc5 Ba6 53. Be4 Be2 54. Bb6+ Kb8 55. Bf3 Ba6 56. Kg1 Be1 57. Be4 Bb5 58. Kg2 Be2 59. Bd5 Bg3 60. Bd4 Be1 61. Bb6 Bg3 62. Bf3 Ba6 63. Bh5 Bb7+ 64. Kg1 f3 65. Bg6 Bc8 66. Be4 f2+ 67. Bxf2 Bxf2+ 68. Kxf2 {aiming for Bg2.} Bxh3 69. Kf3 Ka7 70. Kf4 {Accuracy: White = 64%, Black = 83%.} 1/2-1/2

[Event "World Team-ch Women 2019"]
[Site "Astana"]
[Date "2019.03.06"]
[Round "2.18"]
[White "Soumya, Swaminathan"]
[Black "Saduakassova, Dinara"]
[Result "1/2-1/2"]
[WhiteElo "2401"]
[BlackElo "2462"]
[Annotator "TA"]
[PlyCount "114"]
[EventDate "2019.02.05"]
[EventType "team-tourn"]
[EventCountry "KAZ"]
[SourceTitle "playchess.com"]
[Source "ChessBase"]
[SourceQuality "1"]
[WhiteTeam "India"]
[BlackTeam "Kazakhstan"]
[WhiteTeamCountry "IND"]
[BlackTeamCountry "KAZ"]

{[%evp 21,114,39,37,28,36,37,43,2,7,-8,37,0,0,0,0,-15,-12,-39,-6,-27,-26,-20,-22,-9,0,0,25,14,15,14,24,14,18,-16,-14,-34,-32,-75,-33,-35,0,-59,-35,-78,-79,-133,0,-7,0,-2,-16,-42,-41,-42,-27,-30,-30,-43,-49,-58,0,0,0,0,0,0,0,0,0,0,0,0,0,0,0,0,0,0,8,0,0,0,0,0,0,0,0,0,0,0,0,0,0,0,0]} 1. e4 c5 2. Nf3 Nc6 3. Nc3 g6 4. d4 cxd4 5. Nxd4 Bg7 6. Be3 Nf6 7. Bc4 Qa5 8. O-O O-O 9. h3 d6 10. Bb3 Bd7 11. Re1 Rac8 12. Nf3 {B35: Sicilian: Accelerated Dragon with 5 Nc3: main line} (12. Qd2 Qa6 13. f4 Rfd8 14. Rad1 b5 15. Ndxb5 Nxe4 16. Qd5 Nf6 17. Qxf7+ Kh8 18. Qc4 Qb7 19. Qe2 Rf8 {½-½ (47) Sasikiran,K (2669)-Matlakov,M (2714) Khanty-Mansiysk 2017}) 12... Rfe8 13. Qd3 Qc7 $146 ({Predecessor:} 13... a6 14. Qd2 Qh5 15. Ng5 Rf8 16. Bc4 Ne5 17. Be2 Bg4 18. hxg4 Nfxg4 19. Bf4 Bh6 20. f3 Bxg5 21. fxg4 Bxf4 22. Qxf4 {1-0 (22) Jimenez Melguizo,F-Harman,K (1650) ICCF email 2016}) 14. a3 {White is slightly better.} Na5 15. Ba2 b6 16. Rad1 Nc4 17. Bc1 b5 18. Ne2 a6 19. c3 Qb7 20. Nf4 e5 21. Nd5 Nxd5 22. Qxd5 Bc6 23. Qd3 Rcd8 24. Bxc4 bxc4 25. Qxc4 d5 26. exd5 Bxd5 27. Qe2 Qc6 28. Kh2 f5 {[%mdl 1024] Black has compensation.} 29. Rg1 Bc4 30. Qc2 Bd5 31. Nd2 ({White should try} 31. Qe2 $11) 31... Bf7 32. c4 e4 33. b4 {[#]} ({Better is} 33. g3) 33... f4 (33... Rd3 $1 $17 {[%cal Rd3c3] White must now prevent ...Rc3.} 34. Rge1 Red8) 34. Bb2 Bxb2 35. Qxb2 e3 36. fxe3 fxe3 37. Nf3 Rxd1 38. Rxd1 Bxc4 39. Rc1 {next Qd4 is good for White.} Qd6+ 40. Kg1 Bb5 (40... Re4 $15) 41. Qb3+ $11 {The position is equal.} Qe6 42. Qxe6+ Rxe6 {[%mdl 4096] Endgame KRB-KRN} 43. Nd4 Rd6 44. Nxb5 axb5 {KR-KR} 45. Kf1 Rd3 46. Rc5 Rxa3 47. Ke2 Kf7 48. Rxb5 h5 49. g3 Rb3 50. h4 Kf6 51. Rd5 Rxb4 52. Kxe3 Rb3+ 53. Kf4 $1 Rb4+ 54. Kf3 Rb3+ 55. Kf4 Rb4+ 56. Kf3 Rb3+ 57. Kf4 Rb4+ {Accuracy: White = 43%, Black = 53%.} 1/2-1/2